Estados Unidos y la seguridad mundial /
সংরক্ষণ করুন:
| প্রধান লেখক: | |
|---|---|
| বিন্যাস: | পাঠ্য |
| বিষয়গুলি: | |
| ট্যাগগুলো: |
ট্যাগ যুক্ত করুন
কোনো ট্যাগ নেই, প্রথমজন হিসাবে ট্যাগ করুন!
|
MARC
| LEADER | 00000 a a2200000 04500 | ||
|---|---|---|---|
| 001 | 9684 | ||
| 003 | |||
| 040 | |||
| 100 | |a Curzio, Leonardo | ||
| 245 | |a Estados Unidos y la seguridad mundial / |c Leonardo Curzio | ||
| 650 | |a ESTADOS UNIDOS | ||
| 650 | |a POLITICA EXTERIOR | ||
| 650 | |a IMPERIALISMO | ||
| 650 | |a IDEOLOGIAS | ||
| 650 | |a SEGURIDAD | ||
| 650 | |a BUROCRACIA | ||
| 650 | |a POLITICA DE DEFENSA | ||
| 650 | |a ACTIVIDAD MILITAR | ||
| 650 | |a GUERRA | ||
| 650 | |a AGRESION | ||
| 773 | |g volumen 8, número 35; páginas 63-68 | ||
| 999 | |c 39098 |d 39098 | ||
